Health At Your Command: (Record no. 203053)

MARC details
000 -LEADER
fixed length control field 00628nam a22001937a 4500
005 - DATE AND TIME OF LATEST TRANSACTION
control field 20240627111622.0
010 ## - LCCN (DPL NO)
LC control number ENG-140390
020 ## - INTERNATIONAL STANDARD BOOK NUMBER
Terms of availability 300.00
International Standard Book Number 9788195227754
035 ## - SYSTEM CONTROL NUMBER
System control number EN-123922
037 ## - SOURCE OF ACQUISITION
Source of stock number/acquisition DBAD
082 ## - DEWEY DECIMAL CLASSIFICATION NUMBER
Classification number 613
100 ## - MAIN ENTRY--PERSONAL NAME
Personal name Bhuyan, Chaturbhuja
245 ## - TITLE STATEMENT
Title Health At Your Command:
Statement of responsibility, etc Chaturbhuja Bhuyan
Remainder of title Adopt Regimens, Diet, Sleep, Celibacy For Health/
260 ## - PUBLICATION, DISTRIBUTION, ETC. (IMPRINT)
Place of publication, distribution, etc Bhubaneswar
Name of publisher, distributor, etc lakshmi Prakashans
Date of publication, distribution, etc 2021
270 ## - ADDRESS
Address B-49, Fancy Market, Saheed Nagar,
City Bhubaneswar -751007
300 ## - PHYSICAL DESCRIPTION
Extent 238p.
Dimensions 22cm(pbk)
700 ## - ADDED ENTRY--PERSONAL NAME
9 (RLIN) 66432
Personal name Bhuyan, Chaturbhuj
942 ## - ADDED ENTRY ELEMENTS (KOHA)
Source of classification or shelving scheme Dewey Decimal Classification
Item type English Books
Call number suffix BHU
Classification part 613
Holdings
Withdrawn status Lost status Not for loan Collection code Home library Current library Date acquired Source of acquisition Cost, normal purchase price Full call number Barcode Copy number Cost, replacement price Koha item type
      Non-fiction Central Jail Tihar Central Jail Tihar 20/05/2024 DBAD 300.00 BHU 613 EN-123922 1 300.00 English Books

© Delhi Public Library
Hit Counter
free hit counter